| 000 | 00403nam a2200145 4500 | ||
|---|---|---|---|
| 999 |
_c9469 _d9469 |
||
| 003 | OSt | ||
| 005 | 20210623172838.0 | ||
| 008 | 210623b ||||| |||| 00| 0 eng d | ||
| 020 | _a1921352032008 | ||
| 082 |
_a728.8 _bFUT |
||
| 100 | _a Ando, Tadao | ||
| 245 | _a Tadao Ando : House in Sri Lanka, Mirissa, Sri Lanka, 2004-08 : House in Monterrey, Monterrey, Mexico, 2006-11 | ||
| 260 | _bGA | ||
| 942 | _2ddc | ||